00000000nam 2200000zi 4500
0019.922331
003CaOODSP
00520230505124317
006m     o  d f      
007cr |n|||||||||
008230505t19991999onca    o    f000 0|eng d
020 |z0662642813
040 |aCaOODSP|beng|erda|cCaOODSP
043 |an-cn---
0861 |aC2-395/1999-3E-PDF|zC2-395/1999-3
24500|aSmart communities program.
264 1|a[Ottawa] : |bGovernment of Canada = Gouvernement du Canada, |c[1999]
264 4|c©1999
300 |a1 online resource (3 unnumbered pages) : |billustrations
336 |atext|btxt|2rdacontent
337 |acomputer|bc|2rdamedia
338 |aonline resource|bcr|2rdacarrier
500 |aDigitized edition from print [produced by Innovation, Science and Economic Development Canada].
500 |aIssued also in French under title: Collectivités ingénieuses : programme.
500 |a"52875B."
650 0|aInformation society|zCanada.
650 0|aInformation technology|zCanada.
650 0|aInformation superhighway|zCanada.
650 0|aTelecommunication|xEconomic aspects|zCanada.
650 0|aTelecommunication|xSocial aspects|zCanada.
7101 |aCanada. |bIndustry Canada, |eissuing body.
77508|tCollectivités ingénieuses : |w(CaOODSP)9.922333
85640|qPDF|s433 KB|uhttps://publications.gc.ca/collections/collection_2023/isde-ised/c2/C2-395-1999-3-eng.pdf